LEADER 00773nam0-22003011i-450- 001 990001780420403321 005 20021010 035 $a000178042 035 $aFED01000178042 035 $a(Aleph)000178042FED01 035 $a000178042 100 $a20021010d--------km-y0itay50------ba 101 0 $aita 200 1 $aOsservazioni sulle uova delle galline$fS. De Luca. 210 $aNapoli$cs.e.$d1868. 215 $a11 p.$d31 cm 610 0 $aAvicoltura 610 0 $aUova 676 $a636.5 700 1$aDe Luca,$bS.$08418 801 0$aIT$bUNINA$gRICA$2UNIMARC 901 $aBK 912 $a990001780420403321 952 $a60 MISC. A 5/11$b$fFAGBC 959 $aFAGBC 996 $aOsservazioni sulle uova delle galline$9409286 997 $aUNINA DB $aING01 LEADER 01158cam0 2200289 450 001 E600200040939 005 20220908122349.0 100 $a20081016d2008 |||||ita|0103 ba 101 $aita 102 $aIT 200 1 $a<>'arte bizantina e l'Occidente$fOtto Demus$gcur. e presentazione di Fabrizio Crivello$gtrad.Maria Virdis 210 $aTorino$cEinaudi$d2008 215 $aXXXIII, 300 p.$d21 cm 225 2 $aPiccola biblioteca Einaudi$hNuova serie$v399 410 1$1001LAEC00025614$12001 $a*Piccola biblioteca Einaudi. Nuova serie$v399 700 1$aDemus$b, Otto$3AF00009919$4070$037816 702 1$aCrivello, Fabrizio$3A600200037483$4070 702 1$aVirdis, Maria$3A600200050322$4070 801 0$aIT$bUNISOB$c20220908$gRICA 850 $aUNISOB 852 $aUNISOB$jLATEM$m140173 912 $aE600200040939 940 $aM 102 Monografia moderna SBN 941 $aM 957 $aLATEM$b000235$gCON$d140173$hMarazziM$racquisto$1pomicino$2UNISOB$3UNISOB$420081016084855.0$520220908122349.0$6bethb$fModalità di consultazione sulla home page della Biblioteca link Fondi 996 $aArte bizantina e l'Occidente$9243522 997 $aUNISOB